Biosystematichal and chemootaxonomical studies of the genus limonium in Egypt / (رقم التسجيلة. 178860)

تفاصيل مارك
000 -LEADER
fixed length control field 01398namaa22003251i 4500
005 - أخر تعامل مع التسجيلة
control field 20260404123547.0
008 - FIXED-LENGTH DATA ELEMENTS--GENERAL INFORMATION
fixed length control field 260304s1994 ua a|||frm||| 000 0 eng d
040 ## - CATALOGING SOURCE
Original cataloguing agency EG-GICUC
Language of cataloging eng
Transcribing agency EG-GICUC
Modifying agency EG-GICUC
Description conventions rda
041 0# - LANGUAGE CODE
Language code of text/sound track or separate title eng
Language code of summary or abstract eng
-- ara
049 ## - Acquisition Source
Acquisition Source Deposit
097 ## - Degree
Degree Ph.D
099 ## - LOCAL FREE-TEXT CALL NUMBER (OCLC)
Local Call Number Cai01.12.05.Ph.D.1994.Ib.B.
100 0# - MAIN ENTRY--PERSONAL NAME
Authority record control number or standard number Ibrahim Ahmed Helmy El-Garf,
Preparation preparation.
245 10 - TITLE STATEMENT
Title Biosystematichal and chemootaxonomical studies of the genus limonium in Egypt /
Statement of responsibility, etc. By Ibrahim Ahmed Helmy El-Garf, ; Supervised prof. Dr. M. N. El Hodidi, Prof. Dr. J. B. Harborne, Dr. Shohnoz Al wakeei
246 15 - VARYING FORM OF TITLE
Title proper/short title دراسات تصنيفية احيائية وتصنيفية كيميائية لانواع جنس ليمونيم في مصر
264 #0 - PRODUCTION, PUBLICATION, DISTRIBUTION, MANUFACTURE, AND COPYRIGHT NOTICE
Date of production, publication, distribution, manufacture, or copyright notice 1994.
300 ## - PHYSICAL DESCRIPTION
Extent 241 Leaves :
Other physical details illustrations
Dimensions 30 cm. +
336 ## - CONTENT TYPE
Source rda content
Content type term text
337 ## - MEDIA TYPE
Source rdamedia
Media type term Unmediated
338 ## - CARRIER TYPE
Source rdacarrier
Carrier type term volume
502 ## - DISSERTATION NOTE
Dissertation note Thesis (M.Sc.)-Cairo University, 1994.
504 ## - BIBLIOGRAPHY, ETC. NOTE
Bibliography, etc. note Bibliography: pages 231-241
653 #0 - INDEX TERM--UNCONTROLLED
Uncontrolled term the genus limonium in egypt
700 0# - ADDED ENTRY--PERSONAL NAME
Personal name M. N. El Hodidi
Relator term thesis advisor.
700 0# - ADDED ENTRY--PERSONAL NAME
Personal name J. B. Harborne
Relator term thesis advisor.
700 0# - ADDED ENTRY--PERSONAL NAME
Personal name Shohnoz Al wakeei
Relator term thesis advisor.
900 ## - Thesis Information
Department Department of Botany
Faculties Faculty of Science
Universities Cairo University
Grant date 1994
Supervisory body M. N. El Hodidi
-- J. B. Harborne
-- Shohnoz Al wakeei
905 ## - Cataloger and Reviser Names
Cataloger Name Nehad
Reviser Names Nourhan
942 ## - ADDED ENTRY ELEMENTS (KOHA)
Source of classification or shelving scheme Dewey Decimal Classification
Koha item type Thesis
Edition 21
Suppress in OPAC No
المقتنيات
Source of classification or shelving scheme Home library Current library Date acquired Inventory number Full call number Barcode Date last seen Effective from Koha item type
Dewey Decimal Classification المكتبة المركزبة الجديدة - جامعة القاهرة مكتبة المئوية 04.03.2026 25229 Cai01.12.05.Ph.D.1994.Ib.B. 01010110025229000 04.03.2026 04.03.2026 Thesis
Cairo University Libraries Portal Implemented & Customized by: Eng. M. Mohamady Contacts: new-lib@cl.cu.edu.eg | cnul@cl.cu.edu.eg
CUCL logo CNUL logo
© All rights reserved — Cairo University Libraries
CUCL logo
Implemented & Customized by: Eng. M. Mohamady Contact: new-lib@cl.cu.edu.eg © All rights reserved — New Central Library
CNUL logo
Implemented & Customized by: Eng. M. Mohamady Contact: cnul@cl.cu.edu.eg © All rights reserved — Cairo National University Library